| 000 | 00992cam a2200313 a 4500 | ||
|---|---|---|---|
| 001 | 18267 | ||
| 003 | BD-RjUL | ||
| 005 | 20211209000248.0 | ||
| 008 | 140220r19571915enk 000 1 eng | ||
| 035 | _a(BD-RjUL)18325 | ||
| 040 |
_aDLC _cDLC _dDLC _dBD-RjUL _beng |
||
| 041 | _aeng | ||
| 082 | 0 | 0 |
_a823.912 _219 _bCOV 1957 |
| 100 | 1 |
_aConrad, Joseph, _d1857-1924. _951716 |
|
| 245 | 1 | 0 |
_aVictory / _cby Joseph Conrad. |
| 260 |
_aLondon : _bMethuen, _c[Reprinted 1957]. |
||
| 300 |
_aviii, 328 p. ; _c20 cm. |
||
| 500 | _aPublisher's advertisements on p. [416-420] and on 31 p. at end. | ||
| 510 | 4 |
_aEhrsam, T.G. Conrad, _c2303. |
|
| 650 | 0 |
_aEuropeans _zIndonesia _vFiction. _956232 |
|
| 650 | 0 |
_aWomen musicians _vFiction. _956233 |
|
| 650 | 0 |
_aAbused women _vFiction. _956234 |
|
| 650 | 0 |
_aRevenge _vFiction. _956235 |
|
| 651 | 0 |
_aIndonesia _vFiction. _956236 |
|
| 655 | 7 |
_aPsychological fiction. _2lcsh _956239 |
|
| 942 |
_2ddc _cBK |
||
| 999 |
_c18267 _d18267 |
||